000
00327nam a22001457a 4500
008
210519b ||||| |||| 00| 0 eng d
020
_a
0394423909
041
_a
eng
080
_a
330.322
082
_a
330.322
100
_a
62
101
_a
INV
245
_a
Contrarian Investment Strategy
_c
David Dreman
942
_2
udc
_c
BK
999
_c
57478
_d
57478